Chemicals in the environment / (Record no. 330221)
[ view plain ]
| 000 -LEADER | |
|---|---|
| fixed length control field | 01548cam a22003374a 4500 |
| 001 - CONTROL NUMBER | |
| control field | 14497179 |
| 003 - CONTROL NUMBER IDENTIFIER | |
| control field | NUST |
| 005 - DATE AND TIME OF LATEST TRANSACTION | |
| control field | 20170614112112.0 |
| 008 - FIXED-LENGTH DATA ELEMENTS--GENERAL INFORMATION | |
| fixed length control field | 060813s2006 enka b 001 0 eng |
| 010 ## - LIBRARY OF CONGRESS CONTROL NUMBER | |
| LC control number | 2006386615 |
| 020 ## - INTERNATIONAL STANDARD BOOK NUMBER | |
| Canceled/invalid ISBN | 817141267x |
| 035 ## - SYSTEM CONTROL NUMBER | |
| System control number | (OCoLC)ocm62306967 |
| 040 ## - CATALOGING SOURCE | |
| Original cataloging agency | DLC |
| Transcribing agency | DLC |
| Modifying agency | DLC |
| 050 00 - LIBRARY OF CONGRESS CALL NUMBER | |
| Classification number | TD196.C45 |
| Item number | C4858 2006 |
| 082 00 - DEWEY DECIMAL CLASSIFICATION NUMBER | |
| Classification number | 577.14 MID |
| Edition number | 22 |
| 100 ## - MAIN ENTRY--PERSONAL NAME | |
| Personal name | Mido,Y |
| 9 (RLIN) | 2648 |
| 245 00 - TITLE STATEMENT | |
| Title | Chemicals in the environment / |
| Statement of responsibility, etc. | Y.Mido |
| 260 ## - PUBLICATION, DISTRIBUTION, ETC. | |
| Place of publication, distribution, etc. | India |
| Name of publisher, distributor, etc. | Discovery publishing house., |
| Date of publication, distribution, etc. | 1995. |
| 300 ## - PHYSICAL DESCRIPTION | |
| Extent | xiv, 189 p. : |
| Other physical details | ill. ; |
| Dimensions | 24 cm. |
| 490 0# - SERIES STATEMENT | |
| Series statement | Issues in environmental science and technology, |
| International Standard Serial Number | 1350-7583 ; |
| Volume/sequential designation | 22 |
| 500 ## - GENERAL NOTE | |
| General note | H.B |
| 504 ## - BIBLIOGRAPHY, ETC. NOTE | |
| Bibliography, etc. note | Includes bibliographical references. |
| 650 #0 - SUBJECT ADDED ENTRY--TOPICAL TERM | |
| Topical term or geographic name entry element | Pollution. |
| 9 (RLIN) | 2629 |
| 650 #0 - SUBJECT ADDED ENTRY--TOPICAL TERM | |
| Topical term or geographic name entry element | Ecological risk assessment. |
| 9 (RLIN) | 2621 |
| 700 1# - ADDED ENTRY--PERSONAL NAME | |
| Personal name | Hester, R. E. |
| Fuller form of name | (Ronald E.) |
| 9 (RLIN) | 2649 |
| 700 1# - ADDED ENTRY--PERSONAL NAME | |
| Personal name | Harrison, Roy M., |
| Dates associated with a name | 1948- |
| 9 (RLIN) | 2650 |
| 856 41 - ELECTRONIC LOCATION AND ACCESS | |
| Materials specified | Table of contents only |
| Uniform Resource Identifier | <a href="http://www.loc.gov/catdir/toc/fy0707/2006386615.html">http://www.loc.gov/catdir/toc/fy0707/2006386615.html</a> |
| 856 42 - ELECTRONIC LOCATION AND ACCESS | |
| Materials specified | Publisher description |
| Uniform Resource Identifier | <a href="http://www.loc.gov/catdir/enhancements/fy0663/2005472642-d.html">http://www.loc.gov/catdir/enhancements/fy0663/2005472642-d.html</a> |
| 906 ## - LOCAL DATA ELEMENT F, LDF (RLIN) | |
| a | 7 |
| b | cbc |
| c | origcop |
| d | 2 |
| e | ncip |
| f | 20 |
| g | y-gencatlg |
| 942 ## - ADDED ENTRY ELEMENTS (KOHA) | |
| Source of classification or shelving scheme | |
| Koha item type | Book |
| Call number prefix | IESE |
| Withdrawn status | Lost status | Source of classification or shelving scheme | Damaged status | Not for loan | Collection code | Permanent Location | Current Location | Shelving location | Date acquired | Total Checkouts | Full call number | Barcode | Date last seen | Price effective from | Koha item type |
|---|---|---|---|---|---|---|---|---|---|---|---|---|---|---|---|
| Institute of Environmental Science and Engineering (IESE) | Institute of Environmental Science and Engineering (IESE) | General Stacks | 06/14/2017 | 577.14 MID | IESE-698 | 06/14/2017 | 06/14/2017 | Book |
